Japonská rozvojová pomoc v Číne

V posledných troch desaťročiach si Japonsko vybudovalo sieť na poskytovanie rozvojovej pomoci, fondov a úverových agentúr (napr. JICA, OECF a pod.). Motivácia Japonska poskytovať pomoc je rôzna - od nevyhnutnosti zabezpečiť si nerušený prísun surovinových zdrojov až po stupňujúce sa požiadavky medzi...

Descrizione completa

Salvato in:
Dettagli Bibliografici
Autore principale: Hromý, Bruno
Natura: Capitolo di libro
Lingua:slovacco
Soggetti:
Tags: Aggiungi Tag
Nessun Tag, puoi essere il primo ad aggiungerne!!

MARC

LEADER 00000naa$a2200000$$$4500
001 0050430
005 20240502071559.7
041 0 |a slo 
044 |a SK 
245 1 0 |a Japonská rozvojová pomoc v Číne  |c Bruno Hromý 
520 |a V posledných troch desaťročiach si Japonsko vybudovalo sieť na poskytovanie rozvojovej pomoci, fondov a úverových agentúr (napr. JICA, OECF a pod.). Motivácia Japonska poskytovať pomoc je rôzna - od nevyhnutnosti zabezpečiť si nerušený prísun surovinových zdrojov až po stupňujúce sa požiadavky medzinárodného spoločenstva, aby sa Japonsko vo väčšej miere delilo o svoje bohatstvo s krajinami, ktoré sú v núdzi. Oficiálna rozvojová pomoc Japonska sa zameriava na africké krajiny, napr. na Keňu najmä z prvého dôvodu, zatiaľ čo štáty ako Afganistan alebo Čína získavajú japonskú pomoc z dôvodov bezpečnosti, či už environmentálnej, ekonomickej alebo vojenskej. Nakoľko poskytovanie japonských fondov je striktne podmienené záväzkom Číny, ako prijímajúcej krajiny, nakupovať z týchto prostriedkov najmä japonské výrobky, je táto štedrá rozvojová pomoc nástrojom posilňovania väzieb japonských producentov v Číne. 
610 2 0 |a pomoc rozvojová 
610 2 0 |a Japonsko 
610 2 0 |a motivácia 
610 2 0 |a Čína 
610 2 0 |a zdroje surovinové 
610 2 0 |a spolupráca medzinárodná 
610 2 0 |a bezpečnosť environmentálna 
610 2 0 |a bezpečnosť ekonomická 
610 2 0 |a bezpečnosť jadrová 
610 2 0 |a závislosť ekonomická 
100 1 |a Hromý, Bruno